| 000 | 00676nam a22001817a 4500 | ||
|---|---|---|---|
| 005 | 20251108170918.0 | ||
| 008 | 250721s1995 xx 000 0 ara d | ||
| 082 | 1 | 4 | _a321/عوا |
| 100 | 1 | _aالعواملة، منصور صالح | |
| 245 | 1 | 0 | _aالوسيط في النظم السياسية / |
| 264 | 1 |
_aعمان : _bالمركز العربي للخدمات الطلابية، _c1995. |
|
| 300 | _a435 ص. | ||
| 500 | _aعلى صفحة العنوان : المجلد الرابع النظام الأساسي ( الدستور ) الأردني ..... الخ | ||
| 650 | 1 | 7 | _aالعلوم السياسية |
| 650 | 1 | 7 | _aالدولة |
| 942 |
_2ddc _cBK |
||
| 999 |
_c51965 _d51965 |
||